000 00652nam a2200181Ia 4500
008 090123s9999 xx 000 0 und d
082 _b37057
_a921.423/देव
100 _aदेव यशवंत त्र्यंबक
245 _aकधी बहर कधी शिशिर
250 _a1
260 _bअनघा प्रकाशन
_c2004
300 _a158
600 _aदेव यशवंत त्र्यंबक
630 _aकधी बहर कधी शिशिर
700 _aदेव यशवंत त्र्यंबक
730 _aकधी बहर कधी शिशिर
942 _cBOOK
999 _c75122
_d75122